Basketball Math Quiz - Statistics

General Stats
  • This quiz has been taken 1,556 times
    1,553 since last reset
  • The average score is 7 of 8
Answer Stats
Baskets Points % Correct
5 three pointers, 6 two point field goals, and 12 free throws 39
99%
10 three pointers, 2 two point field goals, and 13 free throws 47
98%
2 three pointers, 12 two point field goals, and 5 free throws 35
93%
4 three pointers, 19 two point field goals, and 7 free throws 57
92%
9 three pointers, 11 two point field goals, and 11 free throws 60
92%
3 three pointers, 33 two point field goals, and 8 free throws 83
92%
14 three pointers, 26 two point field goals, and 1 free throw 95
92%
6 three pointers, 24 two point field goals, and 6 free throws 72
91%
No matching quizzes found
Score Distribution
Percent of People with Each Score
Percentile by Number Answered
Your Score History
You have not taken this quiz since the last reset